000 01174nam0a22002411 4500
001 rc\516488
005 20030616165036.7
035 _a(NLR Aleph) 005756008
090 _a4889486
_c4889486
100 _a20030616d1988 u |0rusy50 ca
101 0 _arus
102 _aRU
105 _ay |||||||||
200 1 _aОрганизационные факторы повышения эффективности социально-экономических исследований: пути активизации человеческого фактора
_e(Метод. рекомендации)
_fАН СССР, Ленингр. науч. центр, Ин-т соц.-экон. пробл., Ленингр. Дом науч.-техн. пропаганды
_g[Подгот. Ю.Н. Голубев и др.]
210 _aЛ.
_cЛДНТП
_d1988
215 _a52, [1] с.
_d20
702 1 _aГолубев
_bЮ. Н.
_gЮрий Николаевич
_4570
712 0 2 _aИнститут социально-экон. проблем
_cЛенинград
_3RU\NLR\AUTH\889993045
801 0 _aRU
_bNLR
_gpsbo
801 1 _aRU
_bELAR
_2rusmarc
852 _aNLR
_j88-4/22942
942 _cBOOK
980 _aNB